Ч. 1: Основы токсикологии; Медико-биологические основы безопасности жизнедеятельности
| Parent link: | Медико-биологические основы безопасности жизнедеятельности: учебное пособие/ Р. Р. Ахмеджанов, М. В. Белоусов; Национальный исследовательский Томский политехнический университет ; Сибирский государственный медицинский университет (СибГМУ). Ч. 1: Основы токсикологии.— , 2011- |
|---|---|
| Résumé: | Заглавие с титульного экрана Электронная версия печатной публикации В пособии рассмотрены вопросы общей и промышленной токсикологии, даны общие закономерности токсикокинетики (пути поступления вредных веществ в организм, их распределение и биотрансформация в организмах). Рассмотрены специфические механизмы действия токсикантов. Даны основы экологической токсикологии и санитарно-гигиенического нормирования химических веществ. Предназначено для студентов, обущающихся по направлению "Техносферная безопасность" Режим доступа: из корпоративной сети ТПУ |
| Langue: | russe |
| Publié: |
2011
|
| Sujets: | |
| Accès en ligne: | http://www.lib.tpu.ru/fulltext2/m/2012/m17.pdf |
| Format: | MixedMaterials Électronique Livre |
| KOHA link: | https://koha.lib.tpu.ru/cgi-bin/koha/opac-detail.pl?biblionumber=208766 |
MARC
| LEADER | 00000nlm2a2200000 4500 | ||
|---|---|---|---|
| 001 | 208766 | ||
| 005 | 20260105123117.0 | ||
| 035 | |a (RuTPU)RU\TPU\book\228005 | ||
| 090 | |a 208766 | ||
| 100 | |a 20120206d2011 k y0rusy50 ca | ||
| 101 | 0 | |a rus | |
| 102 | |a RU | ||
| 105 | |a a j 001zy | ||
| 135 | |a drcn ---uucaa | ||
| 200 | 0 | |a Ч. 1: Основы токсикологии | |
| 210 | |d 2011 | ||
| 300 | |a Заглавие с титульного экрана | ||
| 300 | |a Электронная версия печатной публикации | ||
| 330 | |a В пособии рассмотрены вопросы общей и промышленной токсикологии, даны общие закономерности токсикокинетики (пути поступления вредных веществ в организм, их распределение и биотрансформация в организмах). Рассмотрены специфические механизмы действия токсикантов. Даны основы экологической токсикологии и санитарно-гигиенического нормирования химических веществ. Предназначено для студентов, обущающихся по направлению "Техносферная безопасность" | ||
| 333 | |a Режим доступа: из корпоративной сети ТПУ | ||
| 337 | |a Adobe Reader | ||
| 452 | 1 | |0 (RuTPU)RU\TPU\book\235665 |t Ч. 1. Основы токсикологии |d 2011 |p 102 с. | |
| 461 | 1 | |0 (RuTPU)RU\TPU\book\258469 |t Медико-биологические основы безопасности жизнедеятельности |o учебное пособие |f Р. Р. Ахмеджанов, М. В. Белоусов |g Национальный исследовательский Томский политехнический университет ; Сибирский государственный медицинский университет (СибГМУ) |v Ч. 1: Основы токсикологии |d 2011- | |
| 606 | 1 | |a Безопасность жизнедеятельности |2 stltpush |3 (RuTPU)RU\TPU\subj\27856 |9 51540 | |
| 606 | 1 | |a Токсикология |2 stltpush |3 (RuTPU)RU\TPU\subj\60892 |9 78115 | |
| 610 | 1 | |a электронный ресурс | |
| 610 | 1 | |a учебные пособия | |
| 610 | 1 | |a труды учёных ТПУ | |
| 610 | 1 | |a медико-биологические основы | |
| 610 | 1 | |a безопасность жизнедеятельности | |
| 610 | 1 | |a токсикология | |
| 610 | 1 | |a токсикокинетика | |
| 610 | 1 | |a вредные вещества | |
| 610 | 1 | |a биотрансформация | |
| 610 | 1 | |a химические вещества | |
| 675 | |a 614.8(075.8) |v 3 | ||
| 675 | |a 615.9(075.8) |v 3 | ||
| 801 | 1 | |a RU |b 63413507 |c 20120206 | |
| 801 | 2 | |a RU |b 63413507 |c 20200228 |g RCR | |
| 856 | 4 | |u http://www.lib.tpu.ru/fulltext2/m/2012/m17.pdf | |
| 942 | |c CF | ||